Gaming Quiz

Random Gaming or Pokémon Quiz
Score 0/154 Timer 18:00
0 Plays Today
Pokedex # Pokemon % Correct
594Alomomola
60%
752Araquanid
40%
184Azumarill
40%
689Barbaracle
40%
339Barboach
40%
400Bibarel
40%
688Binacle
40%
009Blastoise
40%
779Bruxish
40%
318Carvanha
40%
170Chinchou
40%
341Corphish
40%
222Corsola
40%
342Crawdaunt
40%
751Dewpider
40%
580Ducklett
40%
395Empoleon
40%
349Feebas
40%
160Feraligatr
40%
456Finneon
40%
592Frillish
40%
656Froakie
40%
657Frogadier
40%
658Greninja
40%
130Gyarados
40%
116Horsea
40%
367Huntail
40%
140Kabuto
40%
141Kabutops
40%
647Keldeo (Ordinary)
40%
647Keldeo (Resolute)
40%
230Kingdra
40%
099Kingler
40%
098Krabby
40%
382Kyogre
40%
171Lanturn
40%
131Lapras
40%
271Lombre
40%
270Lotad
40%
272Ludicolo
40%
457Lumineon
40%
226Mantine
40%
458Mantyke
40%
747Mareanie
40%
183Marill
40%
259Marshtomp
40%
258Mudkip
40%
224Octillery
40%
138Omanyte
40%
139Omastar
40%
484Palkia
40%
536Palpitoad
40%
Pokedex # Pokemon % Correct
515Panpour
40%
279Pelipper
40%
489Phione
40%
393Piplup
40%
186Politoed
40%
060Poliwag
40%
061Poliwhirl
40%
062Poliwrath
40%
728Popplio
40%
730Primarina
40%
394Prinplup
40%
054Psyduck
40%
195Quagsire
40%
211Qwilfish
40%
223Remoraid
40%
479Rotom (Wash)
40%
117Seadra
40%
119Seaking
40%
364Sealeo
40%
319Sharpedo
40%
080Slowbro
40%
199Slowking
40%
079Slowpoke
40%
363Spheal
40%
007Squirtle
40%
121Starmie
40%
120Staryu
40%
245Suicune
40%
283Surskit
40%
260Swampert
40%
581Swanna
40%
788Tapu Fini
40%
072Tentacool
40%
073Tentacruel
40%
158Totodile
40%
748Toxapex
40%
134Vaporeon
40%
721Volcanion
40%
320Wailmer
40%
321Wailord
40%
365Walrein
40%
340Whiscash
40%
278Wingull
40%
194Wooper
40%
550Basculin
20%
729Brionne
20%
418Buizel
20%
565Carracosta
20%
366Clamperl
20%
692Clauncher
20%
693Clawitzer
20%
159Croconaw
20%
Pokedex # Pokemon % Correct
087Dewgong
20%
502Dewott
20%
419Floatzel
20%
423Gastrodon
20%
118Goldeen
20%
055Golduck
20%
818Inteleon
20%
593Jellicent
20%
129Magikarp
20%
490Manaphy
20%
501Oshawott
20%
369Relicanth
20%
503Samurott
20%
537Seismitoad
20%
090Shellder
20%
422Shellos
20%
516Simipour
20%
690Skrelp
20%
816Sobble
20%
564Tirtouga
20%
535Tympole
20%
008Wartortle
20%
493Arceus
0%
883Arctovish
0%
846Arrokuda
0%
658Ash-Greninja
0%
847Barraskewda
0%
351Castform (Rainy)
0%
833Chewtle
0%
091Cloyster
0%
845Cramorant
0%
882Dracovish
0%
834Drednaw
0%
817Drizzile
0%
768Golisopod
0%
368Gorebyss
0%
370Luvdisc
0%
009Mega Blastoise
0%
130Mega Gyarados
0%
319Mega Sharpedo
0%
080Mega Slowbro
0%
260Mega Swampert
0%
350Milotic
0%
382Primal Kyogre
0%
771Pyukumuku
0%
086Seel
0%
773Silvally
0%
767Wimpod
0%
746Wishiwashi (School)
0%
746Wishiwashi (Solo)
0%
Remove Ads.
Support Sporcle.
Get the best of Sporcle when you Go Orange. This ad-free experience offers more features, more stats, and more fun while also helping to support Sporcle. Thank you for becoming a member.

You're not logged in!

Compare scores with friends on all Sporcle quizzes.
OR
Log In

Show Comments

Extras

Top Quizzes Today


Score Distribution

Your Account Isn't Verified!

In order to create a playlist on Sporcle, you need to verify the email address you used during registration. Go to your Sporcle Settings to finish the process.

Report this User

Report this user for behavior that violates our Community Guidelines.

Details: